[Event "Giorgio Porreca Cup 4th"]
[Site "Napoli"]
[Date "2014.10.09"]
[Round "3"]
[White "Cosenza, Gianni"]
[Black "Auletta, Pasquale"]
[Result "1-0"]
[WhiteElo "1946"]
[BlackElo "1606"]
[PlyCount "67"]
[EventDate "2014.09.25"]
[EventType "swiss"]
[EventRounds "7"]
[EventCountry "ITA"]
[SourceTitle "EXT 2016"]
[Source "ChessBase"]
[SourceDate "2015.10.08"]
[SourceVersion "1"]
[SourceVersionDate "2015.10.08"]
[SourceQuality "1"]

1. e4 c5 2. Nf3 d6 3. d4 cxd4 4. Nxd4 Nf6 5. Nc3 a6 6. Be3 e5 7. Nb3 Be6 8. Be2 Be7 9. f3 b5 10. Qd2 Nbd7 11. g4 Nb6 12. g5 Nfd7 13. Nd5 Nxd5 14. exd5 Bf5 15. Na5 Qc7 16. Nc6 Rc8 17. a4 Nb8 18. axb5 axb5 19. Ra7 Qxa7 20. Bxa7 Nxc6 21. dxc6 Ra8 22. Be3 Ra1+ 23. Bd1 0-0 24. 0-0 Bh3 25. Re1 Rc8 26. Qd5 b4 27. Kf2 Ra6 28. Be2 Raxc6 29. Bd3 Be6 30. Qe4 g6 31. Qxb4 Bf8 32. Qa4 d5 33. c3 Bd7 34. Bb5 1-0

[Event "ITA-ch U12"]
[Site "Tarvisio"]
[Date "2014.07.04"]
[Round "8"]
[White "Sonis, Francesco"]
[Black "Auletta, Pasquale"]
[Result "1-0"]
[WhiteElo "2023"]
[BlackElo "1532"]
[PlyCount "47"]
[EventDate "2014.06.29"]
[EventType "swiss"]
[EventRounds "9"]
[EventCountry "ITA"]
[SourceTitle "EXT 2024"]
[Source "ChessBase"]
[SourceDate "2023.10.10"]
[SourceVersion "1"]
[SourceVersionDate "2023.10.10"]
[SourceQuality "1"]

1. d4 Nf6 2. c4 e6 3. Nf3 b6 4. e3 Bb7 5. Nc3 Bb4 6. Bd3 0-0 7. 0-0 Bxc3 8. bxc3 Ne4 9. Qc2 f5 10. Nd2 Nf6 11. Ba3 d6 12. e4 fxe4 13. Nxe4 c5 14. Ng5 Ng4 15. Bxh7+ Kh8 16. Bg8 Nf6 17. Bxe6 Qe7 18. Qd3 Be4 19. Qh3+ Bh7 20. Rae1 Qc7 21. Nxh7 Nxh7 22. Bf5 g5 23. Be4 Nc6 24. Bxc6 1-0

[Event "Napoli Antica Scuola 2nd"]
[Site "Napoli"]
[Date "2014.03.20"]
[Round "3"]
[White "Auletta, Pasquale"]
[Black "Esposito, Rosario"]
[Result "1/2-1/2"]
[WhiteElo "1557"]
[BlackElo "1832"]
[PlyCount "56"]
[EventDate "2014.03.06"]
[EventType "swiss"]
[EventRounds "7"]
[EventCountry "ITA"]
[SourceTitle "EXT 2015"]
[Source "ChessBase"]
[SourceDate "2014.11.20"]
[SourceVersion "1"]
[SourceVersionDate "2014.11.20"]
[SourceQuality "1"]

1. e4 c5 2. Nf3 e6 3. d4 cxd4 4. Nxd4 Nc6 5. Nc3 Qc7 6. Be3 a6 7. Qd2 Nf6 8. f3 Bb4 9. Be2 0-0 10. 0-0-0 Ne5 11. a3 Bxc3 12. Qxc3 Qxc3 13. bxc3 Nc6 14. Bf4 e5 15. Nxc6 exf4 16. Ne7+ Kh8 17. Nd5 Nxd5 18. Rxd5 h6 19. h4 g6 20. h5 g5 21. Rd6 Kg7 22. Rhd1 Re8 23. R1d5 Re6 24. Bc4 b5 25. Bb3 Ra7 26. Rd4 Rxd6 27. Rxd6 Rc7 28. Kd2 Rc6 1/2-1/2

[Event "Napoli Antica Scuola 2nd"]
[Site "Napoli"]
[Date "2014.03.06"]
[Round "1"]
[White "Baccelliere, Antonio"]
[Black "Auletta, Pasquale"]
[Result "1-0"]
[WhiteElo "1700"]
[BlackElo "1557"]
[PlyCount "113"]
[EventDate "2014.03.06"]
[EventType "swiss"]
[EventRounds "7"]
[EventCountry "ITA"]
[SourceTitle "EXT 2015"]
[Source "ChessBase"]
[SourceDate "2014.11.20"]
[SourceVersion "1"]
[SourceVersionDate "2014.11.20"]
[SourceQuality "1"]

1. e4 c5 2. Nf3 d6 3. d4 cxd4 4. Nxd4 Nf6 5. Nc3 a6 6. Be3 e5 7. Nf3 Be6 8. Be2 Be7 9. 0-0 0-0 10. Ng5 Bd7 11. Bc4 h6 12. Nf3 Qc7 13. Bb3 Bc6 14. Nd5 Nxd5 15. Bxd5 Bxd5 16. Qxd5 Qc6 17. c4 Nd7 18. Rfd1 Nf6 19. Qxc6 bxc6 20. Nd2 Rfd8 21. f3 d5 22. cxd5 cxd5 23. exd5 Nxd5 24. Bf2 Rab8 25. Nc4 Bf6 26. Rd2 Rbc8 27. b3 e4 28. Rad1 Nc3 29. Rxd8+ Rxd8 30. Rxd8+ Bxd8 31. fxe4 Nxe4 32. Bb6 Bxb6+ 33. Nxb6 Nc3 34. a4 Kf8 35. Kf1 Ke7 36. Ke1 Kd6 37. Kd2 Kc6 38. Kxc3 Kxb6 39. b4 Kc7 40. Kd3 Kd7 41. h4 h5 42. Ke4 Ke6 43. b5 axb5 44. axb5 Kd6 45. b6 Kc6 46. Ke5 Kxb6 47. Kd6 f6 48. Ke6 g5 49. hxg5 fxg5 50. Kf5 Kc7 51. Kxg5 Kd7 52. Kxh5 Ke8 53. Kg6 Kf8 54. g4 Kg8 55. g5 Kh8 56. Kf7 Kh7 57. g6+ 1-0